| 000 | 00754nam a2200253Ia 4500 | ||
|---|---|---|---|
| 003 | OSt | ||
| 005 | 20220925223125.0 | ||
| 006 | a|||||r|||| 00| 0 | ||
| 007 | ta | ||
| 008 | 220923b |||||||| |||| 00| 0 eng d | ||
| 020 |
_a0415238587 _cPd 16.99 |
||
| 037 |
_b9889, 13/09/2001, SBD _cGeneral Book |
||
| 040 |
_aRTL _cRTL _beng |
||
| 041 |
_2eng _aeng |
||
| 082 | _aX5, P0 | ||
| 100 |
_aSuneja Vivek Ed. _9289012 |
||
| 245 | 0 |
_aUnderstanding business _b Markets A multidimensioal |
|
| 260 |
_aLondon _bRoutledge _c2000 |
||
| 300 |
_aix, 288p. _ccm. |
||
| 490 | _aUndcrstanding Business Bchaviour | ||
| 650 | _aCommerce | ||
| 942 |
_hX5, P0 _cGB _2CC |
||
| 999 |
_c578688 _d578688 |
||